A nucleous for a Mallorca chronology of prehistory based on radiocarbon analysis (Record no. 141997)
[ view plain ]
| 000 -LEADER | |
|---|---|
| campo de control de longitud fija | 00874nam a2200205 i 4500 |
| 001 - NÚMERO DE CONTROL | |
| campo de control | 141997 |
| 003 - IDENTIFICADOR DE NÚMERO DE CONTROL | |
| campo de control | ES-MaACL |
| 005 - FECHA Y HORA DE LA ÚLTIMA TRANSACCIÓN | |
| campo de control | 20230906200423.0 |
| 007 - CAMPO FIJO DE DESCRIPCIÓN FÍSICA--INFORMACIÓN GENERAL | |
| campo de control de longitud fija | t| |
| 008 - DATOS DE LONGITUD FIJA--INFORMACIÓN GENERAL | |
| campo de control de longitud fija | 071001s1968 sp ||||1| eng d |
| 100 1# - ENTRADA PRINCIPAL--NOMBRE DE PERSONA | |
| Nombre de persona | Waldren, William H. |
| 9 (RLIN) | 115903 |
| 245 12 - MENCIÓN DEL TÍTULO | |
| Título | A nucleous for a Mallorca chronology of prehistory based on radiocarbon analysis |
| Resto del título | : a paper delivered before the Spanish X National archaeological congress in Mahón, Minorca... april 1967 / |
| Mención de responsabilidad, etc. | by William H. Waldren & John S. Kopper. |
| 260 ## - PUBLICACIÓN, DISTRIBUCIÓN, ETC. | |
| Lugar de publicación, distribución, etc. | Deyá : |
| Nombre del editor, distribuidor, etc. | Archaeological Museum, |
| Fecha de publicación, distribución, etc. | [1968] |
| 300 ## - DESCRIPCIÓN FÍSICA | |
| Extensión | 16 h., 6 lám. ; |
| Dimensiones | 23 cm. |
| 651 #4 - PUNTO DE ACCESO ADICIONAL DE MATERIA--NOMBRE GEOGRÁFICO | |
| Nombre geográfico | Mallorca- |
| Subdivisión general | Restos arqueológicos prehistóricos. |
| 9 (RLIN) | 9018 |
| 700 1# - ENTRADA AGREGADA--NOMBRE PERSONAL | |
| Nombre de persona | Kopper, John S. |
| 9 (RLIN) | 68584 |
| 710 2# - ENTRADA AGREGADA--NOMBRE DE ENTIDAD CORPORATIVA | |
| Nombre de entidad corporativa o nombre de jurisdicción como elemento de entrada | Museo Arqueológico de Deyá. |
| 9 (RLIN) | 5822 |
| 711 2# - ENTRADA AGREGADA--NOMBRE DE REUNIÓN | |
| Nombre de congreso/reunión o jurisdicción como elemento de entrada | Congreso Nacional de Arqueología ( |
| Número del congreso/reunión o número de parte o sección | 10. |
| Fecha del congreso o de la firma del tratado | 1967. |
| Sede del congreso/Lugar de la reunión | Mahón) |
| 9 (RLIN) | 512 |
| 852 ## - LOCALIZACIÓN | |
| Ubicación | ES-MaACL |
| Número de control de estantería | C-34360 |
| Sublocalización o colección | R.65395 |
| Estatus retirado | Estado de pérdida | Estado de daño | No para préstamo | Biblioteca de origen | Biblioteca actual | Ubicación en estantería | Fecha de adquisición | Fuente de adquisición | Total de préstamos | Signatura topográfica completa | Código de barras | Visto por última vez | Precio de reemplazo | Tipo de ítem Koha |
|---|---|---|---|---|---|---|---|---|---|---|---|---|---|---|
| Biblioteca del Ateneo de Madrid | Biblioteca del Ateneo de Madrid | Depósito 2 | 17/01/2008 | C-34360 | 1147750 | 23/02/2023 | 23/02/2023 | Libro impreso |
